[Event "Reykjavik op"]
[Site "Reykjavik"]
[Date "2025.04.12"]
[Round "5"]
[White "Alkin, Mert"]
[Black "Benavente, Christian"]
[Result "0-1"]
[WhiteElo "1795"]
[BlackElo "1938"]
[PlyCount "66"]
[EventDate "2025.04.09"]
[EventType "swiss"]
[EventRounds "9"]
[EventCountry "ISL"]
[SourceTitle "CB17_2025"]
[SourceDate "2025.04.23"]
[SourceVersion "1"]
[SourceVersionDate "2025.04.23"]
[SourceQuality "1"]

1. e4 c6 2. d4 d5 3. e5 c5 4. c3 Nc6 5. Nf3 Bg4 6. Bb5 Qb6 7. Bxc6+ bxc6 8. Nbd2 e6 9. 0-0 a5 10. h3 Bh5 11. Re1 Be7 12. a4 g5 13. Qe2 h6 14. Qe3 Bg6 15. c4 Rb8 16. b3 cxd4 17. Nxd4 Bc5 18. Bb2 Ne7 19. g4 Kd7 20. Bc3 h5 21. Kg2 hxg4 22. hxg4 Rh4 23. f3 Nf5 24. gxf5 Rxd4 25. fxe6+ fxe6 26. Qxg5 Bf7 27. Qf6 Rg8+ 28. Kh3 Be7 29. Bxd4 Qxd4 30. Qh6 Qf2 31. Rg1 Rxg1 32. Rxg1 Qxg1 33. Qf4 Bg6 0-1

[Event "Marburg op"]
[Site "Marburg"]
[Date "2024.10.26"]
[Round "4"]
[White "Turbin, Yaroslav"]
[Black "Alkin, Mert"]
[Result "1/2-1/2"]
[WhiteElo "2060"]
[BlackElo "1777"]
[PlyCount "98"]
[EventDate "2024.10.24"]
[EventType "swiss"]
[EventRounds "7"]
[EventCountry "GER"]
[SourceTitle "CB16_2025"]
[SourceDate "2025.04.16"]
[SourceVersion "1"]
[SourceVersionDate "2025.04.16"]
[SourceQuality "1"]

1. d4 d5 2. c4 e6 3. Nc3 Nf6 4. cxd5 exd5 5. Bg5 Be7 6. e3 0-0 7. Bd3 c6 8. Qc2 h6 9. Bh4 Nbd7 10. Nge2 c5 11. 0-0 c4 12. Bf5 Nb6 13. f3 Re8 14. Rad1 a6 15. h3 Nh5 16. Bf2 Bh4 17. Bxc8 Bxf2+ 18. Rxf2 Rxc8 19. e4 dxe4 20. fxe4 Qh4 21. Rf3 Re6 22. Rdf1 Rf6 23. e5 Rxf3 24. Rxf3 g6 25. Ne4 Nd5 26. Nd6 Rc7 27. Kh2 Qg5 28. Qe4 Nb4 29. h4 Qd2 30. Nxf7 Rxf7 31. Qxg6+ Rg7 32. Qxh5 Nd3 33. Rg3 Rxg3 34. Nxg3 Nf4 35. Qe8+ Kh7 36. Qd7+ Kg8 37. Qxb7 Qxd4 38. Qc8+ Kh7 39. Qf5+ Kg8 40. Ne4 Ne2 41. Nf6+ Kf7 42. e6+ Ke7 43. Ng8+ Kd6 44. Qf8+ Kc7 45. Qf7+ Kb6 46. Qf6 Qd6+ 47. Kh1 Qd1+ 48. Kh2 Qd6+ 49. Kh1 Qd1+ 1/2-1/2

[Event "Dortmund Sparkassen op-B 51st"]
[Site "Dortmund"]
[Date "2024.??.??"]
[Round "6"]
[White "Alkin, Mert"]
[Black "Lampe, Finn"]
[Result "0-1"]
[WhiteElo "1707"]
[BlackElo "1785"]
[PlyCount "102"]
[EventDate "2024.08.10"]
[EventType "swiss"]
[EventRounds "9"]
[EventCountry "GER"]
[SourceTitle "CBM 221 Extra"]
[Source "ChessBase"]
[SourceDate "2024.09.30"]
[SourceVersion "1"]
[SourceVersionDate "2024.09.30"]
[SourceQuality "1"]

1. e4 e6 2. Nf3 d5 3. exd5 exd5 4. d4 Nf6 5. Bf4 Bd6 6. Bg5 0-0 7. Be2 Nbd7 8. 0-0 Re8 9. Nc3 c6 10. Re1 Nf8 11. h3 h6 12. Be3 Ng6 13. Qd2 Qc7 14. Bf1 Ne4 15. Qc1 Nxc3 16. bxc3 Bf5 17. Bd3 Bxd3 18. cxd3 Re7 19. c4 Rae8 20. Qc3 Bf4 21. Bxf4 Nxf4 22. Rxe7 Rxe7 23. Qb3 Qb6 24. cxd5 Nxd5 25. Qxb6 axb6 26. a3 Nf4 27. Rb1 b5 28. Rb3 Rd7 29. Kf1 Kf8 30. h4 Ke7 31. g3 Ne6 32. Rb4 Rd8 33. Ke2 Ra8 34. Rb3 Kd6 35. Ke3 Ra4 36. h5 Kd5 37. Rb4 Rxa3 38. Ne5 Ra4 39. Rxa4 bxa4 40. Kd2 f6 41. Nc4 b5 42. Ne3+ Kxd4 43. Kc2 b4 44. Nc4 b3+ 45. Kb2 Kxd3 46. Na5 c5 47. Nc6 c4 48. Nb4+ Kd2 49. Nd5 Nc5 50. Ne3 c3+ 51. Kb1 c2+ 0-1

[Event "Dortmund Sparkassen op-B 51st"]
[Site "Dortmund"]
[Date "2024.??.??"]
[Round "5"]
[White "Rummelshaus, Heinz"]
[Black "Alkin, Mert"]
[Result "0-1"]
[WhiteElo "1866"]
[BlackElo "1707"]
[PlyCount "28"]
[EventDate "2024.08.10"]
[EventType "swiss"]
[EventRounds "9"]
[EventCountry "GER"]
[SourceTitle "CBM 221 Extra"]
[Source "ChessBase"]
[SourceDate "2024.09.30"]
[SourceVersion "1"]
[SourceVersionDate "2024.09.30"]
[SourceQuality "1"]

1. c3 Nf6 2. Nf3 d5 3. g3 Bf5 4. Bg2 Nc6 5. d4 h6 6. Nbd2 Qd7 7. 0-0 Bh3 8. Re1 Bxg2 9. Kxg2 g5 10. e4 dxe4 11. Nxe4 Nxe4 12. d5 g4 13. Nh4 Ng5 14. dxc6 Qxc6+ 0-1